[Event "Open SSM A Agosto"]
[Site "Milano ITA"]
[Date "2012.08.01"]
[Round "7"]
[White "Bisignano, Giuseppe"]
[Black "Guzzetti, Luigi Enrico"]
[WhiteElo "1891"]
[BlackElo "1908"]
[Result "0-1"]
[PlyCount "89"]
[EventDate "2012.07.27"]

1. e4 c5 2. Nc3 e6 3. Nf3 d6 4. Bc4 Nf6 5. d4 cxd4 6. Nxd4 a6 7. a4 Be7 8. O-O
Qc7 9. Bb3 Nc6 10. h3 O-O 11. f4 Nxd4 12. Qxd4 d5 13. Be3 dxe4 14. Nxe4 Nxe4
15. Qxe4 Bc5 16. c4 Bd7 17. Bxc5 Qxc5+ 18. Kh1 Bc6 19. Qe2 Qb4 20. Bc2 g6 21.
Be4 Rac8 22. Rfc1 Bxe4 23. Qxe4 Rfd8 24. Rc2 Rd7 25. Qe1 Qxe1+ 26. Rxe1 Rd4 27.
Rec1 Rxf4 28. a5 Rd4 29. b3 Rcd8 30. Kh2 Rd3 31. Rc3 Rd2 32. c5 Ra2 33. b4 Rdd2
34. Rg3 Rdc2 35. Rxc2 Rxc2 36. Rd3 Rc4 37. Rd8+ Kg7 38. Rb8 Rxb4 39. c6 Rc4 40.
cxb7 Rb4 41. Kg3 Kf6 42. Kf3 h5 43. h4 Ke5 44. Ke3 Rb3+ 45. Kd2 0-1

[Event "Open SSM A Agosto"]
[Site "Milano ITA"]
[Date "2012.08.01"]
[Round "7"]
[White "Bonazzi, Edoardo"]
[Black "Virzi, Ettore"]
[WhiteElo "2101"]
[BlackElo "1964"]
[Result "1/2-1/2"]
[PlyCount "54"]
[EventDate "2012.07.27"]

1. e4 e5 2. Nf3 Nc6 3. d4 exd4 4. Nxd4 Nf6 5. Nc3 Bb4 6. Nxc6 bxc6 7. Bd3 O-O
8. O-O d5 9. exd5 cxd5 10. Bg5 c6 11. Na4 Bd6 12. Qf3 h6 13. Bh4 Rb8 14. c3 Be6
15. Bc2 g5 16. Bg3 Bg4 17. Qd3 Bh5 18. Qd4 c5 19. Nxc5 Bxc5 20. Qxc5 Rxb2 21.
Bb3 Ne4 22. Qa3 Rd2 23. Be5 Be2 24. Rfe1 Qb6 25. Bd4 Rxd4 26. Rxe2 Nxc3 27. Re3
Nb5 1/2-1/2

[Event "Open SSM A Agosto"]
[Site "Milano ITA"]
[Date "2012.08.01"]
[Round "7"]
[White "Cani, Gazmir"]
[Black "Coppola, Federico"]
[WhiteElo "2151"]
[BlackElo "1844"]
[Result "1-0"]
[PlyCount "57"]
[EventDate "2012.07.27"]

1. d4 Nf6 2. Bg5 Ne4 3. Bh4 c5 4. Nd2 Nxd2 5. Qxd2 cxd4 6. Qxd4 Qa5+ 7. Qd2
Qxd2+ 8. Kxd2 d5 9. Rd1 e5 10. Kc1 Be6 11. c4 d4 12. e3 Nc6 13. exd4 Nxd4 14.
Bg3 f6 15. f4 exf4 16. Bxf4 Nf5 17. g4 Nh4 18. Bg3 Ng6 19. Bg2 Rc8 20. Bxb7
Rxc4+ 21. Kb1 Rxg4 22. Re1 Kf7 23. Rxe6 Rxg3 24. Bd5 Rd3 25. Re5+ Rxd5 26. Rxd5
Ke6 27. Ra5 Bb4 28. Rxa7 Rd8 29. Nf3 1-0

[Event "Open SSM A Agosto"]
[Site "Milano ITA"]
[Date "2012.08.01"]
[Round "7"]
[White "Cazzaniga, Walter"]
[Black "Martinez, Rolly"]
[WhiteElo "2148"]
[BlackElo "2425"]
[Result "0-1"]
[PlyCount "86"]
[EventDate "2012.07.27"]

1. d4 Nf6 2. c4 e6 3. Nf3 b6 4. g3 Ba6 5. b3 Bb4+ 6. Bd2 Be7 7. Bg2 c6 8. Bc3
d5 9. Ne5 Nfd7 10. Nxd7 Nxd7 11. Nd2 O-O 12. O-O Rc8 13. e4 b5 14. Re1 bxc4 15.
bxc4 Nb6 16. Rc1 Ba3 17. Rc2 dxc4 18. Nb1 Be7 19. Qd2 Qd7 20. Ba5 Rfd8 21. Rd1
Bf6 22. e5 Be7 23. Nc3 Re8 24. Ne4 Bb5 25. Nc5 Bxc5 26. dxc5 Qxd2 27. Rdxd2 Nd5
28. Bf1 Re7 29. Bxc4 Bxc4 30. Rxc4 Rb7 31. Rdc2 h6 32. Kg2 Kh7 33. Bd2 Rcb8 34.
Ra4 Rb2 35. Rxb2 Rxb2 36. Be1 Rb7 37. h4 h5 38. Bd2 Kg6 39. Ra6 Kf5 40. Bf4 Nb4
41. Ra3 Rd7 42. Ra4 Nd3 43. Ra6 Rc7 0-1

[Event "Open SSM A Agosto"]
[Site "Milano ITA"]
[Date "2012.08.01"]
[Round "7"]
[White "D'Avino, Luca"]
[Black "Papale, Carmelo"]
[WhiteElo "1863"]
[BlackElo "1868"]
[Result "1-0"]
[PlyCount "88"]
[EventDate "2012.07.27"]

1. e4 c5 2. Nf3 d6 3. d4 cxd4 4. Nxd4 Nf6 5. Nc3 a6 6. Be2 e5 7. Nb3 Be7 8. O-O
O-O 9. Be3 Be6 10. f4 Qc7 11. f5 Bc4 12. Bxc4 Qxc4 13. Qf3 Nbd7 14. g4 d5 15.
Nxd5 Nxd5 16. exd5 Nf6 17. g5 Nxd5 18. Na5 Qb5 19. c4 Qxa5 20. Qxd5 Qxd5 21.
cxd5 Rfd8 22. f6 Bf8 23. fxg7 Bxg7 24. Rac1 Rd7 25. Bb6 Rd6 26. Ba5 Rxd5 27.
Bb6 Rd6 28. Be3 Rad8 29. Rc7 R8d7 30. Rfc1 Bf8 31. Rc8 Kg7 32. Re8 Be7 33. h4
f5 34. gxf6+ Kxf6 35. Rh8 Kg7 36. Re8 Bf6 37. h5 Kf7 38. Rec8 Ke6 39. Kf1 Kf5
40. Rf8 Ke6 41. Ke2 Rg7 42. Kf3 Kf5 43. Bh6 e4+ 44. Kf2 Rgd7 1-0

[Event "Open SSM A Agosto"]
[Site "Milano ITA"]
[Date "2012.08.01"]
[Round "7"]
[White "Falchi, Claudio"]
[Black "Bemporad, Filippo"]
[WhiteElo "1849"]
[BlackElo "2077"]
[Result "1-0"]
[PlyCount "83"]
[EventDate "2012.07.27"]

1. e4 c5 2. Nc3 d6 3. g3 Nc6 4. Bg2 g6 5. d3 Bg7 6. f4 e6 7. Nf3 Nge7 8. Be3
Rb8 9. O-O O-O 10. e5 dxe5 11. Nxe5 Nxe5 12. fxe5 Bxe5 13. Bxc5 b6 14. d4 Bg7
15. Ba3 b5 16. Bxe7 Qxe7 17. Ne4 Bb7 18. c3 Bd5 19. Qe1 b4 20. Qf2 Bc4 21. Rfe1
bxc3 22. bxc3 Rb5 23. Rab1 Rfb8 24. Rxb5 Rxb5 25. Bf1 Bxf1 26. Rxf1 h5 27.
Qxf7+ Qxf7 28. Rxf7 Kxf7 29. Nd6+ Ke7 30. Nxb5 a6 31. Nc7 Kd7 32. Nxa6 Kc6 33.
Nb4+ Kb5 34. Nd3 Kc4 35. Nf4 Kxc3 36. Nxe6 Bf6 37. Kf2 Be7 38. Ke3 h4 39. gxh4
Bxh4 40. d5 Be7 41. Ke4 Bd6 42. h3 1-0

[Event "Open SSM A Agosto"]
[Site "Milano ITA"]
[Date "2012.08.01"]
[Round "7"]
[White "Margstahler, Francesco"]
[Black "Tarelli, Daniele"]
[WhiteElo "1787"]
[BlackElo "1909"]
[Result "0-1"]
[PlyCount "76"]
[EventDate "2012.07.27"]

1. e4 c5 2. c3 e6 3. d4 d5 4. exd5 exd5 5. Bb5+ Bd7 6. Qe2+ Qe7 7. Be3 c4 8.
Bxd7+ Nxd7 9. Nd2 Rc8 10. Ngf3 g6 11. Ne5 Nxe5 12. dxe5 Qxe5 13. Bd4 Qxe2+ 14.
Kxe2 f6 15. Bxa7 Ne7 16. Nf3 Nf5 17. Rhd1 Bc5 18. Bxc5 Rxc5 19. Nd4 Nxd4+ 20.
Rxd4 Kf7 21. Kd2 Re8 22. b4 cxb3 23. axb3 Rec8 24. Rc1 Rb5 25. Kc2 Ra8 26. Ra4
Re8 27. Kb2 Re5 28. Rc2 h5 29. h4 Ke6 30. Rd2 Kf5 31. g3 g5 32. Rad4 Ke6 33. b4
Rb6 34. Kb3 gxh4 35. Rxh4 Ra6 36. c4 dxc4+ 37. Kxc4 Ra3 38. Rf4 b5+ 0-1

[Event "Open SSM A Agosto"]
[Site "Milano ITA"]
[Date "2012.08.01"]
[Round "7"]
[White "Miracola, Massimiliano"]
[Black "Cacciola, Alfredo"]
[WhiteElo "2118"]
[BlackElo "2087"]
[Result "1-0"]
[PlyCount "50"]
[EventDate "2012.07.27"]

1. d4 d5 2. c4 e6 3. Nf3 Nf6 4. g3 dxc4 5. Bg2 Nc6 6. O-O Rb8 7. e3 b5 8. Qe2
Be7 9. b3 cxb3 10. axb3 O-O 11. Nc3 a6 12. Rd1 Nb4 13. e4 Bb7 14. Ne5 Qd6 15.
Bf4 Qb6 16. Bg5 Rbd8 17. Ng4 Rfe8 18. Nxf6+ Bxf6 19. Bxf6 gxf6 20. Qg4+ Kf8 21.
Qh4 Rxd4 22. Qxf6 c5 23. Ne2 Nc2 24. Nxd4 Nxd4 25. b4 Nc6 1-0

[Event "Open SSM A Agosto"]
[Site "Milano ITA"]
[Date "2012.08.01"]
[Round "7"]
[White "Moroni, Luca jr"]
[Black "Montoli, Marco"]
[WhiteElo "2128"]
[BlackElo "1886"]
[Result "1/2-1/2"]
[PlyCount "108"]
[EventDate "2012.07.27"]

1. e4 c5 2. Nf3 Nc6 3. d4 cxd4 4. Nxd4 Qb6 5. Nb3 Nf6 6. Nc3 e6 7. Be3 Qc7 8.
f4 d6 9. Be2 Be7 10. O-O a6 11. Qe1 O-O 12. Qg3 Kh8 13. a4 b6 14. Qf2 Nd7 15.
g4 Bb7 16. h4 Rac8 17. Bf3 Nc5 18. h5 h6 19. Rad1 Rcd8 20. Nd4 Bf6 21. Nxc6
Bxc6 22. Bd4 Bxd4 23. Qxd4 e5 24. fxe5 dxe5 25. Qc4 Qb7 26. b3 f6 27. Nd5 Bxd5
28. Rxd5 Rxd5 29. Qxd5 Qxd5 30. exd5 Rd8 31. Rd1 Rd6 32. Kf2 a5 33. Ke3 Kg8 34.
Rb1 Kf8 35. Be4 Ke7 36. Ra1 Rd7 37. Rb1 Rd6 38. b4 Nxa4 39. bxa5 bxa5 40. Rb7+
Rd7 41. Rb5 Ra7 42. Kd3 Kd6 43. c4 Nc5+ 44. Ke3 Rb7 45. Rxb7 Nxb7 46. Bc2 Kc5
47. Bb3 Kb4 48. Ba2 Nd6 49. Kd3 Kc5 50. Bb3 Kb4 51. Ba2 a4 52. Ke3 Kc5 53. Kd3
Kb4 54. Ke3 Kc5 1/2-1/2

[Event "Open SSM A Agosto"]
[Site "Milano ITA"]
[Date "2012.08.01"]
[Round "7"]
[White "Pace, Pietro Dario"]
[Black "Montani, Francesco"]
[WhiteElo "2266"]
[BlackElo "2214"]
[Result "1/2-1/2"]
[PlyCount "55"]
[EventDate "2012.07.27"]

1. e4 e5 2. Nf3 Nc6 3. Nc3 Nf6 4. Bc4 Bc5 5. d3 d6 6. Bg5 h6 7. Bxf6 Qxf6 8.
Nd5 Qd8 9. c3 Ne7 10. Ne3 O-O 11. O-O Bb6 12. d4 Ng6 13. Qc2 c6 14. Rad1 Qf6
15. Rfe1 Nh4 16. Nxh4 Qxh4 17. Bf1 Re8 18. d5 Bxe3 19. Rxe3 c5 20. b4 b6 21. a4
Bd7 22. Ba6 Rab8 23. Rb1 Rf8 24. bxc5 bxc5 25. Bb5 Bc8 26. Bd3 Bd7 27. Bb5 Bc8
28. Bd3 1/2-1/2

[Event "Open SSM A Agosto"]
[Site "Milano ITA"]
[Date "2012.08.01"]
[Round "7"]
[White "Pierandrei, Cristiano"]
[Black "Quaranta, Cristiano"]
[WhiteElo "1983"]
[BlackElo "2105"]
[Result "0-1"]
[PlyCount "42"]
[EventDate "2012.07.27"]

1. e4 e6 2. d4 d5 3. Nc3 Nf6 4. e5 Nfd7 5. f4 c5 6. Nf3 Nc6 7. Be3 Be7 8. Qd2
O-O 9. Be2 a6 10. O-O b5 11. a3 Qb6 12. Nd1 Bb7 13. c3 Na5 14. dxc5 Bxc5 15.
Rb1 Nc4 16. Bxc5 Nxc5 17. Qd4 Rac8 18. Kh1 Nb3 19. Qxb6 Nxb6 20. Rf2 d4 21.
cxd4 Be4 0-1

[Event "Open SSM A Agosto"]
[Site "Milano ITA"]
[Date "2012.08.01"]
[Round "7"]
[White "Villalba, Fernando"]
[Black "Colombo, Luca"]
[WhiteElo "1858"]
[BlackElo "1887"]
[Result "1/2-1/2"]
[PlyCount "153"]
[EventDate "2012.07.27"]

1. e4 c5 2. d4 cxd4 3. c3 Nf6 4. Bd3 dxc3 5. Nxc3 Nc6 6. Nf3 d6 7. Bg5 Qb6 8.
Rb1 Ng4 9. O-O Nge5 10. Be3 Qd8 11. Bb5 Bg4 12. Be2 Bxf3 13. Bxf3 Nxf3+ 14.
Qxf3 Ne5 15. Qe2 g6 16. f4 Nc6 17. Rbd1 Qa5 18. Nd5 Bg7 19. a3 O-O 20. f5 Be5
21. Rf3 e6 22. Nc3 exf5 23. exf5 Ne7 24. g4 Rac8 25. f6 Nc6 26. Qf2 Rfe8 27.
Qh4 Re6 28. g5 h5 29. Qf2 Bxc3 30. bxc3 Qxa3 31. Bf4 Ne5 32. Bxe5 Rxe5 33. Qd2
Qc5+ 34. Kh1 Rxg5 35. Qxd6 Qxd6 36. Rxd6 Rc7 37. Rd8+ Kh7 38. Re3 Rgc5 39. Ree8
g5 40. Rg8 Kh6 41. Rg7 Rc8 42. Rd7 R5c7 43. Rgxf7 Rxd7 44. Rxd7 Rxc3 45. Rxb7
a5 46. Ra7 Rc5 47. Kg2 Kg6 48. f7 Rf5 49. f8=Q Rxf8 50. Rxa5 Re8 51. Ra6+ Kf5
52. Ra5+ Re5 53. Ra1 Re4 54. Rb1 Rd4 55. Ra1 Kg4 56. Ra3 Rd2+ 57. Kg1 Kh4 58.
Ra4+ g4 59. Rb4 Rc2 60. Ra4 Re2 61. Rb4 Re3 62. Rb2 Rf3 63. Rb1 Kh3 64. Ra1 h4
65. Rb1 g3 66. hxg3 hxg3 67. Ra1 Rd3 68. Rb1 Rd2 69. Kh1 Re2 70. Ra1 Kg4 71.
Kg1 Kf3 72. Ra3+ Kg4 73. Ra1 Kh3 74. Kh1 Rf2 75. Rb1 g2+ 76. Kg1 Rf3 77. Ra1
1/2-1/2